| 000 | 00839nam a2200217 a 4500 | ||
|---|---|---|---|
| 001 | 38752 | ||
| 003 | BD-RjUL | ||
| 005 | 20211209052844.0 | ||
| 008 | 160217s1966 bg ||||| |||| 00| 0 ben d | ||
| 035 | _a(BD-RjUL)38861 | ||
| 040 |
_aBD-RjUL _beng _cBD-RjUL |
||
| 041 | _aben | ||
| 082 |
_a891.4408 _bDAS 1966 |
||
| 100 |
_aদাশগুপ্ত, রণেশ _9119541 |
||
| 245 |
_aশিল্পীর স্বাধীনতা প্রশ্নে / _cরণেশ দাশগুপ্ত |
||
| 260 |
_aঢাকা : _bমুক্তধারা প্রকাশনী, _c১৯৬৬ |
||
| 300 |
_a৯৮ পৃ. ; _c২১ সেমি. |
||
| 650 |
_aবাংলা সাহিত্য _vসংগৃহীত প্রবন্ধ _9119542 |
||
| 650 |
_aBengali literature _vCollected essays _9119543 |
||
| 942 |
_2ddc _cBK |
||
| 999 |
_c38752 _d38752 |
||